Missing Word: Emma Stone Movies Quiz Stats

 Plays Quiz Updated May 26, 2017

Challenge
Share
Tweet
Embed
Score 0/12 Timer 01:30
0 Plays Today
Movie Title Missing Word % Correct
La La ___Land
97.9%
___ with BenefitsFriends
96.9%
Crazy, ___, LoveStupid
92.6%
The ___ Spider-ManAmazing
90.2%
___ AEasy
83.5%
___ of Girlfriends PastGhosts
73.4%
The ___ BunnyHouse
59.9%
___ or (The Unexpected Virtue of Ignorance)Birdman
50.6%
Gangster ___Squad
42.6%
___ 43Movie
36.5%
Irrational ___Man
11.5%
___ in the MoonlightMagic
11.5%

Today's Daily Dose

Missing Word
Biopics

Word Ladder
Food Idioms

Quick Pick
Diets

On This Day
December 18th II

You're not logged in!

Compare scores with friends on all Sporcle quizzes.
OR
Log In

You Might Also Like...

Show Comments

Extras

Top Quizzes Today


Score Distribution

Your Account Isn't Verified!

In order to create a playlist on Sporcle, you need to verify the email address you used during registration. Go to your Sporcle Settings to finish the process.

Report this User

Report this user for behavior that violates our Community Guidelines.

Details: